[Event "Top 12 FRA-chT 2017"]
[Site "Chartres"]
[Date "2017.05.25"]
[Round "8"]
[White "Duda, Jan-Krzysztof"]
[Black "Degraeve, Jean-Marc"]
[Result "1-0"]
[WhiteElo "2693"]
[BlackElo "2592"]
[Annotator "TA"]
[PlyCount "93"]
[EventDate "2017.??.??"]
[EventType "team-tourn"]
[EventCountry "FRA"]
[SourceTitle "playchess.com"]
[Source "ChessBase"]
[SourceQuality "1"]
[WhiteTeam "Bois-Colombes"]
[BlackTeam "Saint Quentin"]

{[%evp 19,93,33,66,56,59,53,81,72,175,175,180,188,195,178,193,200,206,200,194,197,246,239,298,290,297,297,304,323,325,327,334,334,333,334,334,334,333,334,333,333,327,329,331,325,333,326,326,326,325,320,354,279,364,360,365,332,485,474,547,535,545,525,623,595,654,645,875,842,862,810,829,820,896,885,814,796]} 1. e4 e5 2. Nf3 {[%cal Bg1f3,Bf3d4,Bd4f5,Bf5e3,Be3d5][%mdl 32]} Nc6 3. d4 exd4 4. Nxd4 Bb4+ 5. c3 Bc5 6. Be3 Bb6 7. Nf5 g6 {C45: Scotch Game} 8. Bxb6 axb6 9. Ne3 Nf6 10. f3 Qe7 {LiveBook: 27 Games} (10... O-O 11. c4 Nh5 12. Qd2 f5 13. Nc3 f4 14. Ned5 Qh4+ 15. Qf2 {1-0 (30) Yu,Y (2729)-Bu,X (2705) Doha 2016}) 11. Be2 Qc5 $146 ({Predecessor:} 11... O-O 12. c4 Qc5 13. Qd2 Nd4 14. Bd1 b5 15. b4 {1-0 (50) Xiong,J (2627)-Gomez Garrido,C (2546) Varadero 2016}) 12. Qd2 $1 h5 13. Na3 Qe7 {[#]} (13... O-O $16) 14. Nd5 $1 $18 {[%cal Rd5e7]} Nxd5 15. exd5 Ne5 {[#]} 16. d6 $1 $36 {[%mdl 2560] White is really pushing.} Qxd6 (16... cxd6 17. Nb5) 17. Qxd6 cxd6 18. Nb5 {And now Nc7+ would win.} Ke7 19. a4 {[%mdl 1024] White has strong compensation.} g5 20. Kf2 Rh6 21. Nc7 Ra5 22. b4 Kd8 23. bxa5 Kxc7 24. axb6+ Kxb6 25. h4 g4 26. fxg4 hxg4 27. a5+ Kc7 28. Ra4 f5 29. g3 d5 30. Rd1 d6 31. Rxd5 Bd7 32. Rb4 Bc6 33. Rd2 Rf6 34. Bd3 Rf8 35. Rf4 Bd7 36. Bc2 Be6 37. Rd1 Rf6 (37... Bd7 $142 38. Ke3 Nf3) 38. h5 {White is clearly winning.} Nf7 39. Ke3 Bd7 40. Rdf1 Nh6 41. Rc4+ Kd8 42. Rb4 Bc8 43. Kf4 Nf7 44. Bb3 Ne5 45. Kg5 Ke7 46. Bd5 Rf8 47. Rfb1 {Precision: White = 94%, Black = 41%.} 1-0

[Event "Top 12 FRA-chT 2017"]
[Site "Chartres"]
[Date "2017.05.25"]
[Round "8"]
[White "Fressinet, Laurent"]
[Black "Savina, Anastasia"]
[Result "1-0"]
[WhiteElo "2668"]
[BlackElo "2364"]
[Annotator "TA"]
[PlyCount "71"]
[EventDate "2017.??.??"]
[EventType "team-tourn"]
[EventCountry "FRA"]
[SourceTitle "playchess.com"]
[Source "ChessBase"]
[SourceQuality "1"]
[WhiteTeam "Clichy"]
[BlackTeam "Vandoeuvre"]

{[%evp 22,71,37,38,37,31,36,39,73,56,62,65,60,56,53,58,52,48,54,58,49,51,89,52,47,54,89,89,95,87,110,104,146,162,162,165,150,169,161,146,459,458,433,418,502,460,758,739,29986,29987,29987,29981]} 1. e4 d6 2. d4 Nf6 3. Nc3 e5 4. Nf3 Nbd7 5. Bc4 Be7 6. a4 c6 7. O-O O-O 8. h3 Nxe4 9. Nxe4 d5 10. Re1 {C41: Philidor Defence} exd4 11. Bxd5 cxd5 12. Ng3 $1 {LiveBook: 7 Games. White is slightly better.} Nb8 $146 ({Predecessor:} 12... d3 13. Qxd3 Nc5 14. Qd1 a5 15. Nd4 Ra6 16. Bf4 Bf6 17. Be5 Bxe5 18. Rxe5 {1-0 (37) Brkic,A (2584)-Laznicka,V (2668) Gjakova 2016}) 13. Nxd4 Nc6 14. Be3 g6 15. Qd2 Bf6 16. Rad1 Re8 17. b3 a6 18. Nxc6 bxc6 19. Bd4 Rxe1+ 20. Rxe1 {aiming for Bxf6.} Be6 21. Ne2 Rc8 22. b4 Bd7 23. Nf4 Bxd4 24. Qxd4 Bf5 25. c3 {[%cal Bc2c3,Bc3c4][%mdl 32]} Qd6 26. Re2 a5 {[#]} 27. g4 $1 {[%cal Rg4f5]} ({Don't play} 27. bxa5 c5 $16) 27... Bb1 28. bxa5 $40 {[%mdl 128] Black is in trouble.} c5 29. Qd2 d4 30. c4 {And now Nd5 would win.} d3 $2 {[%mdl 8192]} (30... f5 $16) 31. Re1 $18 Bc2 32. Nd5 Rf8 33. Qh6 {Threatens to win with Ne7+.} Rb8 {[#]} (33... Ra8 $142 34. g5 d2) 34. a6 $1 {[%mdl 512]} Qxa6 35. g5 d2 36. Rf1 {Precision: White = 98%, Black = 43%.} 1-0

[Event "Top 12 FRA-chT 2017"]
[Site "Chartres"]
[Date "2017.05.25"]
[Round "8"]
[White "Bachmann, Axel"]
[Black "Sumets, Andrey"]
[Result "1-0"]
[WhiteElo "2646"]
[BlackElo "2566"]
[Annotator "TA"]
[PlyCount "53"]
[EventDate "2017.??.??"]
[EventType "team-tourn"]
[EventCountry "FRA"]
[SourceTitle "playchess.com"]
[Source "ChessBase"]
[SourceQuality "1"]
[WhiteTeam "Bois-Colombes"]
[BlackTeam "Saint Quentin"]

{[%evp 14,53,16,3,14,11,9,10,10,5,25,8,25,29,23,26,29,25,27,28,23,0,21,15,43,13,17,16,43,48,120,117,139,145,187,171,394,387,395,367,620,637]} 1. Nf3 d5 2. c4 e6 3. e3 Nf6 4. b3 Be7 5. Bb2 O-O 6. d4 c5 {A13: English Opening: 1...e6} 7. Nbd2 cxd4 8. Nxd4 {LiveBook: 3 Games} b6 {The position is equal.} 9. cxd5 Nxd5 10. Bd3 $146 ({Predecessor:} 10. Bc4 Bb7 11. O-O Nc6 12. N2f3 Nxd4 13. Nxd4 Bf6 14. Qe2 {½-½ (40) Karjakin,S (2786)-Fressinet,L (2708) Tromsoe 2014}) 10... Bb7 11. O-O Nf6 12. Rc1 Na6 13. a3 Nc5 14. Be2 Rc8 15. b4 Nce4 16. Nxe4 Nxe4 17. Qa4 Rxc1 18. Rxc1 a5 19. Bf3 axb4 20. axb4 Bd5 21. Qc2 Nf6 {[#]} (21... f5 $14) 22. Bxd5 $1 $16 Nxd5 23. Nc6 $36 {[%mdl 2048] White is really pushing.} Qe8 {[#]} 24. e4 $1 {[%cal Re4d5]} Bg5 $2 (24... Nf6 25. Qd3 h6) 25. exd5 $18 Bxc1 26. Qxc1 {Strongly threatening Bxg7!} ({Not} 26. Bxc1 exd5 27. Be3 f6 $18) 26... exd5 $2 {[#]} (26... f6 27. d6 Qd7) 27. Bxg7 $1 {[%mdl 512] Precision: White = 82%, Black = 17%.} 1-0

[Event "Top 12 FRA-chT 2017"]
[Site "Chartres"]
[Date "2017.05.25"]
[Round "8"]
[White "Kuzubov, Yuriy"]
[Black "Colin, Vincent"]
[Result "1-0"]
[WhiteElo "2637"]
[BlackElo "2381"]
[Annotator "TA"]
[PlyCount "73"]
[EventDate "2017.??.??"]
[EventType "team-tourn"]
[EventCountry "FRA"]
[SourceTitle "playchess.com"]
[Source "ChessBase"]
[SourceQuality "1"]
[WhiteTeam "Grasse Echecs"]
[BlackTeam "Lisieux"]

{[%evp 24,73,44,40,71,72,83,39,122,62,60,57,60,60,60,60,60,60,54,56,77,66,56,48,75,60,79,85,127,131,281,266,577,550,552,525,612,613,1604,1331,1714,1706,1622,1513,1690,1741,1881,1579,1977,1896,5695,5622]} 1. d4 Nf6 2. c4 g6 3. Nc3 Bg7 4. e4 d6 5. Nf3 O-O 6. Be2 Na6 7. O-O e5 8. Re1 Qe8 9. Bf1 Bg4 10. d5 Nb4 11. a3 {E94: King's Indian: Classical: 6 Be2 e5 7 0-0: Various Black 7th moves} Bxf3 12. gxf3 Na6 13. b4 {LiveBook: 11 Games. White is slightly better.} Nd7 14. Be3 f5 {[#]} 15. c5 $146 ({Predecessor:} 15. Rc1 Rf7 16. Na4 Nb6 17. Nb2 Nd7 18. c5 dxc5 19. bxc5 {½-½ (38) Nielsen,P (2620)-De la Riva Aguado,O (2515) Bled 2002}) 15... f4 (15... dxc5 $14 16. d6 f4) 16. Bd2 (16. c6 $1 $16 {[%cal Rc6b7]} bxc6 17. dxc6 (17. Bxa6 fxe3 18. fxe3 c5 $11)) 16... dxc5 $14 17. Qb3 Kh8 18. Rec1 Rf6 19. Na4 Bf8 20. Bxa6 Rxa6 21. Nxc5 Nxc5 22. bxc5 Rb8 23. Rc4 g5 24. h3 Rh6 {[#]} 25. Kg2 $1 Rh4 26. Ba5 Bg7 {[#]} (26... Qf7 $16) 27. Rh1 $1 $18 Qg6 $2 (27... b6 {is more resistant.}) 28. Bxc7 {White is clearly winning.} Rg8 29. Rcc1 h5 30. d6 g4 31. hxg4 Rxg4+ 32. fxg4 Qxg4+ 33. Kf1 f3 34. Rg1 Qh3+ 35. Ke1 Rf8 36. Qe3 Rf4 {[#]} 37. Rxg7 $1 {Precision: White = 77%, Black = 21%.} 1-0

[Event "Top 12 FRA-chT 2017"]
[Site "Chartres"]
[Date "2017.05.25"]
[Round "8"]
[White "Gajewski, Grzegorz"]
[Black "Gharamian, Tigran"]
[Result "1/2-1/2"]
[WhiteElo "2634"]
[BlackElo "2626"]
[Annotator "TA"]
[PlyCount "46"]
[EventDate "2017.??.??"]
[EventType "team-tourn"]
[EventCountry "FRA"]
[SourceTitle "playchess.com"]
[Source "ChessBase"]
[SourceQuality "1"]
[WhiteTeam "Mulhouse Philidor"]
[BlackTeam "Nice Alekhine"]

{[%evp 27,46,25,36,14,11,-9,0,-4,-4,-4,-9,-7,0,-4,-4,-6,-4,-8,-10,-10,-8]} 1. c4 Nf6 2. Nc3 e6 3. e4 {[%cal Be2e4,Be4e5][%mdl 32]} c5 4. e5 Ng8 5. Nf3 Nc6 6. d4 cxd4 7. Nxd4 Nxe5 8. Ndb5 a6 9. Nd6+ Bxd6 10. Qxd6 f6 11. Be3 Ne7 12. Bb6 Nf5 13. Qb4 Qe7 14. Qxe7+ Nxe7 {LiveBook: 5 Games. A19: English Opening: Flohr-Mikenas System with 3...c5} 15. O-O-O $146 ({Predecessor:} 15. c5 d5 16. cxd6 Nd5 17. Nxd5 exd5 18. O-O-O Be6 19. f4 Nf7 20. Re1 Kd7 21. f5 Bxf5 22. Re7+ {0-1 (36) Rezan,S (2423)-Postny,E (2670) Zadar 2015}) 15... d5 {The position is equal.} 16. Be2 Kf7 17. b3 dxc4 18. bxc4 Nd7 19. Bc7 b6 20. Bf3 Ra7 21. Rxd7 $1 Bxd7 22. Bxb6 {[#]} Raa8 $1 {[%mdl 512]} 23. Bxa8 Rxa8 1/2-1/2

[Event "Top 12 FRA-chT 2017"]
[Site "Chartres"]
[Date "2017.05.25"]
[Round "8"]
[White "Gledura, Benjamin"]
[Black "Li, Chao b"]
[Result "1/2-1/2"]
[WhiteElo "2602"]
[BlackElo "2722"]
[Annotator "TA"]
[PlyCount "39"]
[EventDate "2017.??.??"]
[EventType "team-tourn"]
[EventCountry "FRA"]
[SourceTitle "playchess.com"]
[Source "ChessBase"]
[SourceQuality "1"]
[WhiteTeam "Mulhouse Philidor"]
[BlackTeam "Nice Alekhine"]

{[%evp 19,39,5,22,0,12,0,45,44,40,32,59,58,77,69,79,77,135,85,116,83,81,42]} 1. d4 Nf6 2. c4 g6 3. Nc3 d5 4. cxd5 Nxd5 5. e4 Nxc3 6. bxc3 Bg7 7. Be3 c5 8. Rc1 O-O 9. Qd2 e5 {D85: Exchange Grünfeld: Unusual White 7th moves and lines with 7 Nf3} 10. d5 Nd7 {LiveBook: 3 Games} 11. f3 $146 ({Predecessor:} 11. c4 f5 12. Bg5 Nf6 13. Ne2 Nxe4 14. Bxd8 Nxd2 15. Be7 Rf7 16. Bxc5 Nxf1 17. Rxf1 {0-1 (29) Nakamura,H (2779)-So,W (2794) London 2016}) 11... f5 {The position is equal.} 12. Nh3 {[%cal Bg1h3,Bh3f2,Bf2d3][%mdl 32]} fxe4 (12... Nb6 $5 {[%cal Rf5e4]}) 13. fxe4 Nf6 {[#] Hoping for ...Bxh3.} 14. Nf2 $1 Qd6 15. Be2 Bd7 16. c4 Rf7 17. O-O h5 (17... Qc7 $142) 18. Bf3 Raf8 19. Nd3 b6 20. h3 1/2-1/2

[Event "Top 12 FRA-chT 2017"]
[Site "Chartres"]
[Date "2017.05.25"]
[Round "8"]
[White "Lagarde, Maxime"]
[Black "Heimann, Andreas"]
[Result "1-0"]
[WhiteElo "2601"]
[BlackElo "2573"]
[Annotator "TA"]
[PlyCount "53"]
[EventDate "2017.??.??"]
[EventType "team-tourn"]
[EventCountry "FRA"]
[SourceTitle "playchess.com"]
[Source "ChessBase"]
[SourceQuality "1"]
[WhiteTeam "Nice Alekhine"]
[BlackTeam "Mulhouse Philidor"]

{[%evp 20,53,13,13,23,11,80,47,84,79,80,79,297,286,293,283,302,293,301,301,276,291,295,260,259,270,381,368,385,386,370,381,375,377,368,364]} 1. d4 Nf6 2. c4 g6 3. Nf3 Bg7 4. g3 d5 5. cxd5 Nxd5 6. Bg2 Nb6 7. O-O Nc6 8. e3 e5 9. Nc3 exd4 {D71: Fianchetto Grünfeld: 3 g3 d5 sidelines and 5 cxd5 (without Nf3)} 10. exd4 O-O 11. Bg5 {LiveBook: 31 Games} Qd6 {[%cal Rc6d4] The position is equal.} 12. d5 $146 ({Predecessor:} 12. Nb5 Qd7 13. Rc1 h6 14. Bf4 {½-½ (33) Wen,Y (2593)-Shankland,S (2599) Ningbo 2013}) 12... Nb4 (12... Bxc3 $11 {keeps the balance.} 13. dxc6 (13. bxc3 Qxd5 14. Bf4 Bg4 $11) 13... Bxb2) 13. Nd2 $16 {[%cal Bf3d2,Bd2c4,Bc4d6][%mdl 32]} N4xd5 14. Nxd5 Nxd5 15. Nc4 Qa6 $2 (15... Qb4 $16) 16. Bxd5 $18 c6 {[#]} 17. Bxf7+ $1 Rxf7 {[#]} 18. Nd6 $1 {aiming for Qb3.} Be6 19. Re1 ({Less strong is} 19. Nxf7 Bxf7 20. Qd7 Qb5 $16) 19... Bd5 20. Nxf7 Bxf7 21. Qd6 Bxb2 22. Rad1 Qxa2 (22... c5 $142 23. Qxc5 Qc6 24. Qxc6 bxc6) 23. Bh6 {White is winning.} Qa3 24. Qc7 {Intending Rd8+ and mate.} Bg7 25. Qxb7 Rf8 26. Bxg7 Kxg7 27. Qxc6 {Precision: White = 88%, Black = 44%.} 1-0

[Event "Top 12 FRA-chT 2017"]
[Site "Chartres"]
[Date "2017.05.25"]
[Round "8"]
[White "Neiksans, Arturs"]
[Black "Laznicka, Viktor"]
[Result "1/2-1/2"]
[WhiteElo "2599"]
[BlackElo "2672"]
[Annotator "TA"]
[PlyCount "45"]
[EventDate "2017.??.??"]
[EventType "team-tourn"]
[EventCountry "FRA"]
[SourceTitle "playchess.com"]
[Source "ChessBase"]
[SourceQuality "1"]
[WhiteTeam "Saint Quentin"]
[BlackTeam "Bois-Colombes"]

{[%evp 15,45,27,30,12,45,43,61,62,54,10,8,8,10,12,20,2,6,0,0,0,0,0,0,0,0,-7,0,0,0,0,0,2]} 1. Nf3 d5 2. g3 Nf6 3. Bg2 Bf5 4. O-O e6 5. c4 c6 6. d3 Nbd7 7. cxd5 cxd5 8. Nc3 Be7 9. Re1 {A11: English Opening: 1...c6} Bg6 $146 ({Predecessor:} 9... O-O 10. e4 Bg6 11. exd5 exd5 12. Bg5 Re8 13. Bxf6 Nxf6 14. Ne5 Bc5 15. d4 Bb6 16. Qa4 Bf5 {½-½ (33) Pena Gomez,M (2454)-Abelgas,R (2270) Hong Kong 2014}) 10. e4 dxe4 11. dxe4 {White is slightly better.} Nc5 12. Qxd8+ (12. Qe2 {keeps more tension.} Qd3 13. Ne5 Qxe2 14. Rxe2 Rd8 15. Be3) 12... Rxd8 {The position is equal.} 13. Ne5 Nfd7 {[%cal Bf6d7,Bd7e5,Be5c4][%mdl 32]} 14. Nxg6 hxg6 15. Be3 Ne5 16. Rad1 O-O 17. Rxd8 Rxd8 18. Rd1 Rxd1+ 19. Nxd1 Nc4 20. Bc1 Nd3 21. Bf1 $1 {[%cal Rf1d3]} Nxc1 22. Bxc4 b5 23. Bxb5 {Precision: White = 52%, Black = 66%.} 1/2-1/2

[Event "Top 12 FRA-chT 2017"]
[Site "Chartres"]
[Date "2017.05.25"]
[Round "8"]
[White "Palac, Mladen"]
[Black "Istratescu, Andrei"]
[Result "1/2-1/2"]
[WhiteElo "2573"]
[BlackElo "2596"]
[Annotator "TA"]
[PlyCount "37"]
[EventDate "2017.??.??"]
[EventType "team-tourn"]
[EventCountry "FRA"]
[SourceTitle "playchess.com"]
[Source "ChessBase"]
[SourceQuality "1"]
[WhiteTeam "Nice Alekhine"]
[BlackTeam "Mulhouse Philidor"]

{[%evp 23,37,24,30,26,20,19,19,24,19,14,12,0,0,0,33,0]} 1. e4 e5 2. Nf3 Nf6 {[%cal Bg8f6,Bf6e4,Be4d2][%mdl 32]} 3. Nxe5 d6 4. Nf3 Nxe4 5. d4 d5 6. Bd3 Nc6 7. O-O Be7 8. Nbd2 Nxd2 9. Bxd2 Bg4 10. c3 O-O {C42: Petroff Defence: 3 Nxe5 and unusual White 3rd moves} 11. h3 Bh5 12. Re1 (12. g3 Qd7 13. Kg2 Bg6 14. Ne1 Bd6 15. Qg4 Qxg4 16. hxg4 Rfe8 17. Bxg6 hxg6 18. Nd3 {½-½ (37) Caruana,F (2810)-Dominguez Perez,L (2713) Dortmund 2016}) 12... Bd6 {LiveBook: 5 Games. White has an edge.} 13. Bf5 {[#]} h6 $146 ({Predecessor:} 13... Kh8 14. g4 Bg6 15. Qc2 Bxf5 16. Qxf5 Ne7 17. Qd3 f6 18. Re2 {½-½ (41) Hansen,E (2587)-Olafsson,H (2546) Reykjavik 2014}) 14. Qe2 Ne7 15. Bg4 Bxg4 16. hxg4 Qd7 17. g5 hxg5 18. Nxg5 Rfe8 19. Qd3 1/2-1/2

[Event "Top 12 FRA-chT 2017"]
[Site "Chartres"]
[Date "2017.05.25"]
[Round "8"]
[White "Dorfman, Iossif"]
[Black "Marie, Maxime"]
[Result "1-0"]
[WhiteElo "2560"]
[BlackElo "2177"]
[Annotator "TA"]
[PlyCount "63"]
[EventDate "2017.??.??"]
[EventType "team-tourn"]
[EventCountry "FRA"]
[SourceTitle "playchess.com"]
[Source "ChessBase"]
[SourceQuality "1"]
[WhiteTeam "Grasse Echecs"]
[BlackTeam "Lisieux"]

{[%evp 20,63,25,15,18,20,32,24,51,35,29,29,49,36,40,41,64,37,78,87,164,125,125,125,130,93,168,160,210,222,364,303,333,302,474,494,645,657,796,794,780,759,1112,1108,1106,1098]} 1. Nf3 Nf6 2. g3 g6 3. c4 Bg7 4. Bg2 O-O 5. O-O d6 6. Nc3 Nc6 7. Rb1 a5 8. a3 e5 9. d3 h6 10. b4 axb4 11. axb4 Ne7 {A26: English Opening vs King's Indian with ...Nc6 and d3} (11... Be6) 12. Bb2 g5 13. Ra1 Rb8 $146 {White has an edge.} ({Predecessor:} 13... Rxa1 14. Qxa1 Ng6 15. Nd2 c6 16. b5 d5 17. bxc6 bxc6 18. Qa8 Bg4 19. Qxd8 Rxd8 {0-1 (60) Walter,M (1745)-Leis,S (1873) Germany 2012}) 14. b5 Be6 15. Nd2 {[%cal Bf3d2,Bd2f1,Bf1e3][%mdl 32]} Qd7 16. Ra7 $36 {[%mdl 2048] Black is under pressure.} Bh3 17. e4 Ng6 18. Re1 Nh7 19. Nd5 h5 (19... Be6 $16 {was worth a try.}) 20. Nf1 Be6 21. Nfe3 g4 22. Bc1 Kh8 (22... Bxd5 $16 23. Nxd5 (23. exd5 f5 $11) 23... Ne7 24. Nxe7+ Qxe7) 23. f3 gxf3 24. Qxf3 f5 (24... h4 $142 25. Rf1 hxg3) 25. Qxh5 f4 26. Nf5 Bxf5 (26... Qf7 $142 27. Rf1 Bxd5) 27. exf5 $18 {White is clearly winning.} Rxf5 28. Qxg6 f3 {[#] Strongly threatening ...Nf8.} 29. Rf1 e4 30. Bh3 Bd4+ 31. Be3 Bxe3+ 32. Nxe3 {Precision: White = 63%, Black = 23%.} 1-0

[Event "Top 12 FRA-chT 2017"]
[Site "Chartres"]
[Date "2017.05.25"]
[Round "8"]
[White "David, Alberto"]
[Black "Cornette, Matthieu"]
[Result "0-1"]
[WhiteElo "2548"]
[BlackElo "2593"]
[Annotator "TA"]
[PlyCount "96"]
[EventDate "2017.??.??"]
[EventType "team-tourn"]
[EventCountry "FRA"]
[SourceTitle "playchess.com"]
[Source "ChessBase"]
[SourceQuality "1"]
[WhiteTeam "Saint Quentin"]
[BlackTeam "Bois-Colombes"]

{[%evp 16,96,19,10,13,6,14,0,0,-31,0,-21,2,0,0,-4,0,0,0,0,21,0,-3,0,18,0,0,0,35,0,0,0,0,-12,0,-1,37,12,34,27,8,0,0,0,0,0,8,0,205,110,202,177,204,167,284,331,298,177,178,137,210,217,257,0,3,0,0,-118,26,28,101,93,139,121,123,139,149,114,180,0,0,-695,-695]} 1. e4 c5 2. Nf3 Nc6 3. Bb5 g6 4. Bxc6 dxc6 5. d3 Bg7 6. h3 Nf6 7. Nc3 b6 8. Bf4 {B31: Sicilian: 2...Nc6 3 Bb5 g6} (8. Be3 e5 9. O-O O-O 10. a3 Qe7 11. Qb1 Nh5 12. b4 f5 13. bxc5 f4 14. Bd2 bxc5 15. Qb3+ Be6 {0-1 (39) Caruana,F (2820)-Carlsen,M (2862) Wijk aan Zee 2015}) 8... Nd7 9. Qd2 {LiveBook: 4 Games} h6 10. O-O {The position is equal.} e5 11. Bg3 $146 ({Predecessor:} 11. Be3 Nf8 12. a3 Ne6 13. b4 f5 14. exf5 gxf5 15. Qe1 c4 {1-0 (64) Kerigan,D (2318)-Favarel,A (2423) Wachtebeke 2017}) 11... Qe7 12. Nh2 Nf6 13. Nf3 Nd7 14. a4 O-O 15. Rae1 Re8 16. b3 Nf8 17. Nd1 f6 18. Kh1 Ne6 19. Ng1 h5 {[%cal Bh6h5,Bh5h4][%mdl 32]} 20. Ne2 g5 21. Ne3 Nf4 22. Bh2 h4 $1 23. Qd1 Be6 24. Ng1 Qd7 25. Qf3 Re7 26. Nf5 Bxf5 27. exf5 Nd5 28. Re4 Nb4 29. Rc1 Rd8 30. Ne2 Bh6 31. Qg4 b5 $2 (31... Na2 $11 {and Black stays safe.}) 32. f3 (32. f4 $18) 32... c4 (32... Kh8 $16) 33. bxc4 $18 bxa4 34. Bg1 Bf8 (34... a5 {is a better defense.}) 35. f4 $1 exf4 36. Rxe7 (36. Nxf4 $142 {And now Ne6 would win.} Rxe4 37. dxe4) 36... Bxe7 37. Nxf4 $1 a3 (37... c5 $16 38. Ne6 Rc8) 38. Ne6 a2 {intending ...Nxc2!} 39. Bd4 $2 (39. Nxd8 $18 Bxd8 40. Ra1) 39... Rb8 $1 $11 40. Qh5 {Intending Qg6+ and mate.} Qe8 41. Qe2 (41. Qd1 $11 {remains equal.}) 41... Na6 (41... c5 $1 $17 {[%cal Rc5d4]} 42. Bc3 Nc6) 42. Qd1 Rb7 (42... c5 $11 43. Bc3 Bd6) 43. Ra1 $36 {[%mdl 2048] White is on the roll.} Nc7 {[#]} 44. Nxc7 $1 Rxc7 45. Rxa2 Bd6 46. Ra1 Be5 (46... Rf7 $16) 47. Qe2 $2 (47. Rxa7 $18 Rxa7 48. Bxa7) 47... Re7 $11 48. Rxa7 $2 {[%mdl 8192] [#]} (48. Bxe5 $11 Rxe5 49. Qd2) 48... Bc7 $1 {Precision: White = 46%, Black = 45%.} 0-1

[Event "Top 12 FRA-chT 2017"]
[Site "Chartres"]
[Date "2017.05.25"]
[Round "8"]
[White "Rambaldi, Francesco"]
[Black "Riff, Jean-Noel"]
[Result "1/2-1/2"]
[WhiteElo "2542"]
[BlackElo "2476"]
[Annotator "TA"]
[PlyCount "42"]
[EventDate "2017.??.??"]
[EventType "team-tourn"]
[EventCountry "FRA"]
[SourceTitle "playchess.com"]
[Source "ChessBase"]
[SourceQuality "1"]
[WhiteTeam "Nice Alekhine"]
[BlackTeam "Mulhouse Philidor"]

{[%evp 11,42,22,46,55,51,35,37,43,52,53,54,51,56,37,70,66,70,63,70,63,72,41,47,36,55,53,56,41,53,46,63,32,16]} 1. d4 Nf6 2. c4 e6 3. Nf3 Bb4+ 4. Bd2 Qe7 5. g3 a5 6. Bg2 {E11: Bogo-Indian} Bxd2+ {LiveBook: 4 Games} 7. Qxd2 Qb4 8. Na3 $146 {[%cal Bb1a3,Ba3b5,Bb5c3][%mdl 32]} ({Predecessor:} 8. Qxb4 axb4 9. Ne5 d5 10. Nd2 Ke7 11. O-O Bd7 12. Rfc1 Nc6 13. e3 {½-½ (25) Salgado Lopez,I (2621)-Fedorchuk,S (2634) La Roda 2012}) 8... d5 9. O-O Qxd2 10. Nxd2 Bd7 11. Rac1 {Hoping for cxd5.} Na6 12. Nb5 Ke7 13. Nc3 {[%cal Rc4d5]} Bc6 14. Rfd1 Rhd8 15. e3 Be8 16. h3 c6 {White is slightly better.} 17. Bf1 Rdb8 18. c5 Nc7 19. Na4 Nd7 20. Nb3 f6 21. f4 Bg6 {Precision: White = 35%, Black = 63%.} 1/2-1/2

[Event "Top 12 FRA-chT 2017"]
[Site "Chartres"]
[Date "2017.05.25"]
[Round "8"]
[White "Kosteniuk, Alexandra"]
[Black "Le Corre, Benjamin"]
[Result "1-0"]
[WhiteElo "2540"]
[BlackElo "2261"]
[Annotator "TA"]
[PlyCount "63"]
[EventDate "2017.??.??"]
[EventType "team-tourn"]
[EventCountry "FRA"]
[SourceTitle "playchess.com"]
[Source "ChessBase"]
[SourceQuality "1"]
[WhiteTeam "Clichy"]
[BlackTeam "Vandoeuvre"]

{[%evp 28,63,20,32,79,79,107,116,103,106,142,154,116,112,135,120,121,125,182,98,93,93,236,243,241,232,229,232,350,353,333,325,353,353,350,346,896,891]} 1. e4 e5 2. Nf3 Nc6 3. Bb5 a6 4. Ba4 Nf6 5. O-O Nxe4 6. d4 exd4 7. Re1 d5 8. Nxd4 Bd6 9. Nxc6 Bxh2+ 10. Kh1 Qh4 {C80: Open Ruy Lopez: Sidelines and 9 Nbd2} 11. Rxe4+ dxe4 12. Qd8+ Qxd8 13. Nxd8+ Kxd8 14. Kxh2 Be6 15. c3 {LiveBook: 4 Games} (15. Be3 f5 16. Nc3 Ke7 17. Bb3 Kf7 18. g4 {½-½ (31) Efimenko,Z (2689)-Drenchev,P (2496) Golden Sands 2012}) 15... Ke7 16. Bf4 {[%mdl 1024] White has strong compensation.} Rac8 17. Nd2 f5 18. f3 Rhf8 $146 ({Predecessor:} 18... exf3 19. Nxf3 {1-0 (43) Grela,K (2296)-Rybka,M (1857) Szklarska Poreba 2016}) 19. fxe4 fxe4 20. Be3 Rf5 21. Bc2 Re8 22. Nxe4 h6 (22... Bf7 $16 {keeps fighting.} 23. Ng3 Ra5) 23. Bd4 (23. Nc5 $18) 23... Kf7 $16 24. Kg1 b6 {[#]} (24... Rf4 $16 {is a better defense.}) 25. Bxb6 $1 $18 {[%mdl 512]} Rb5 (25... cxb6 26. Nd6+) 26. Bxc7 {Nd6+ is the strong threat.} Rxb2 27. Nd6+ Ke7 (27... Kf8 $142) 28. Nxe8 Rxc2 29. Nxg7 {[#] Hoping for Re1.} Bxa2 30. Nf5+ Kd7 31. Bf4 Bc4 $2 (31... Rb2 32. Bc1 Rb1 33. Rxa2 Rxc1+ 34. Kh2 h5 35. Rxa6 Rxc3) 32. Rd1+ {Precision: White = 80%, Black = 32%.} 1-0